|
|
|
|
| LEADER |
00000cam a2200000 7i4500 |
| 001 |
0000002894 |
| 005 |
20040315.0 |
| 020 |
0 |
0 |
|a 0748404155
|
| 090 |
0 |
0 |
|a 660.6
|b FOR 2003
|
| 245 |
0 |
0 |
|a FOREST products biotechnology
|c edited by Alan Bruce and John W. Palfreyman
|
| 260 |
0 |
0 |
|a London :
|b Taylor & Francis ,
|c 2003
|
| 300 |
|
|
|a ix, 326 p. :
|b ill. ;
|c 24 cm.
|
| 500 |
0 |
0 |
|a Includes bibliographical references and index
|
| 650 |
0 |
0 |
|a Biotechnology
|
| 650 |
0 |
0 |
|a Forest products
|
| 700 |
0 |
1 |
|a Bruce
|h Alan
|
| 700 |
0 |
1 |
|a Palfreyman
|h John W.
|
| 998 |
|
|
|a JPSM
|
| 999 |
|
|
|a 0000005205
|b Monograph
|c Open Shelf
|e Default branch
|